[Event "Seville op 41st"]
[Site "Seville"]
[Date "2016.01.12"]
[Round "5"]
[White "Hidalgo Begines, Daniel"]
[Black "Silva Lucena, Cristian"]
[Result "0-1"]
[WhiteElo "2037"]
[BlackElo "2220"]
[PlyCount "68"]
[EventDate "2016.01.08"]
[EventType "swiss"]
[EventRounds "9"]
[EventCountry "ESP"]
[SourceTitle "CBM 170 Extra"]
[Source "ChessBase"]
[SourceDate "2016.02.25"]
[SourceVersion "1"]
[SourceVersionDate "2016.02.25"]
[SourceQuality "1"]

1. d4 Nf6 2. Nf3 g6 3. Bf4 Bg7 4. e3 0-0 5. Bd3 d6 6. h3 Nfd7 7. e4 c5 8. c3 Qb6 9. Qb3 cxd4 10. Qxb6 Nxb6 11. cxd4 Nc6 12. Be3 Nb4 13. Ke2 Nxd3 14. Kxd3 Na4 15. Bc1 Bd7 16. Nc3 Nxc3 17. bxc3 Rac8 18. Nd2 b5 19. Bb2 Rc7 20. Ba3 a5 21. Bb2 Rfc8 22. Rhc1 Bh6 23. Rc2 b4 24. Rac1 Ba4 25. c4 Bxc2+ 26. Rxc2 Bxd2 27. Rxd2 Rxc4 28. d5 a4 29. Bd4 a3 30. f3 Rc1 31. g3 Rh1 32. h4 Rcc1 33. Ke3 Rhd1 34. Rg2 Rc4 0-1

[Event "Seville op 41st"]
[Site "Seville"]
[Date "2016.01.09"]
[Round "2"]
[White "Rizouk, Aimen"]
[Black "Hidalgo Begines, Daniel"]
[Result "1-0"]
[WhiteElo "2511"]
[BlackElo "2037"]
[PlyCount "59"]
[EventDate "2016.01.08"]
[EventType "swiss"]
[EventRounds "9"]
[EventCountry "ESP"]
[SourceTitle "CBM 170 Extra"]
[Source "ChessBase"]
[SourceDate "2016.02.25"]
[SourceVersion "1"]
[SourceVersionDate "2016.02.25"]
[SourceQuality "1"]

1. e4 e5 2. Nf3 Nc6 3. Bc4 Nf6 4. d3 Be7 5. 0-0 0-0 6. Bb3 d6 7. c3 Bg4 8. h3 Bh5 9. Nbd2 Nd7 10. Re1 Bf6 11. Nf1 Nc5 12. Bc2 d5 13. Ng3 Bg6 14. Qe2 a5 15. exd5 Qxd5 16. Ne4 Nxe4 17. dxe4 Qd6 18. Rd1 Qe7 19. Be3 Rfd8 20. Qb5 Rab8 21. Rxd8+ Qxd8 22. Rd1 Qe7 23. Nd2 Bg5 24. Nc4 Bxe3 25. Nxe3 Bh5 26. Rd5 f6 27. Nf5 Qe8 28. Qd3 Bf7 29. Rd7 Rd8 30. Qg3 1-0